| 000 -ლიდერი |
| ფიქსირებული სიგრძის საკონტროლო ველი |
00739nam a22001817a 4500 |
| 003 - საკონტროლო ნომრის იდენტიფიკატორი |
| საკონტროლო ველი |
Ge_BSU |
| 005 - ბოლო ოპერაციის თარიღი და დრო |
| საკონტროლო ველი |
20240619164305.0 |
| 008 - ფიქსირებული სიგრძის მონაცემთა ელემენტები - ზოგადი ინფორმაცია |
| ფიქსირებული სიგრძის საკონტროლო ველი |
240619s1973 ge ||||| |||| 00| 0 geo d |
| 041 ## - ენის კოდი |
| Language code of text/sound track or separate title |
geo |
| 080 ## - უნივერსალური ათობითი კლასიფიკაციის ინდექსი |
| Universal Decimal Classification number |
615.835(479.22) ჯ-29 |
| 100 ## - მთავარი ჩანაწერი - პიროვნების სახელი |
| Personal name |
ჯაჭვლიანი, თ. |
| 9 (RLIN) |
22491 |
| 245 ## - ცნობა სათაურის შესახებ |
| Title |
კურორტი შოვი / |
| Statement of responsibility, etc |
თ. ჯაჭვლიანი; რედ. ი. ხუნდაძე. |
| 264 ## - წარმოების, გამოცემის, დისტრიბუციის და სხვა ცნობები |
| გამოცემის, წარმოების, დისტრიბუციის... ადგილი |
თბილისი : |
| გამოცემის, წარმოების, დისტრიბუციის... სახელწოდება |
საბჭ. საქართველო, |
| გამოცემის, წარმოების, დისტრიბუციის... თარიღი |
1973. |
| 300 ## - ფიზიკური აღწერა |
| Extent |
34 გვ. : |
| Other physical details |
2 ფ. ილ. ; |
| Dimensions |
16 სმ. |
| 653 ## - INDEX TERM--UNCONTROLLED |
| Uncontrolled term |
საქართველოს კურორტები |
| 700 ## - ADDED ENTRY--PERSONAL NAME |
| Personal name |
ხუნდაძე, ი. |
| Relator term |
რედაქტორი |
| 9 (RLIN) |
22492 |
| 942 ## - ADDED ENTRY ELEMENTS (KOHA) |
| Source of classification or shelving scheme |
|
| Koha item type |
წიგნი |